Loading...
Plant variation and evolution
| Main Author: | |
|---|---|
| Format: | Printed Book |
| Language: | Undetermined English |
| Published: |
Cambridge
Cambridge university press
1984
|
| Edition: | 2 |
| Subjects: |
| LEADER | 00689nam a2200181Ia 4500 | ||
|---|---|---|---|
| 008 | 140306s9999 xx 000 0 und d | ||
| 041 | |a eng | ||
| 082 | |a 581.1 |b BRI/PL | ||
| 100 | |a Briggs, D | ||
| 245 | |a Plant variation and evolution | ||
| 250 | |a 2 | ||
| 260 | |a Cambridge |b Cambridge university press |c 1984 | ||
| 300 | |a 412 | ||
| 650 | |a Plant genetics | ||
| 942 | |2 ddc |c BK | ||
| 999 | |c 111322 |d 111322 | ||
| 952 | |0 0 |1 0 |2 ddc |4 0 |6 581_100000000000000_BRIPL |7 0 |9 108946 |a KAUHCV |b KAUHCV |d 2004-04-03 |o 581.1 BRI/PL |p KAU_HCV-19729 |r 2014-03-22 |w 2014-03-22 |y BK | ||
| 952 | |0 0 |1 0 |2 ddc |4 0 |6 581_100000000000000_BRIPL |7 0 |9 108947 |a KAUHCV |b KAUHCV |d 2004-04-03 |o 581.1 BRI/PL |p KAU_HCV-20999 |r 2014-03-22 |w 2014-03-22 |y BK | ||